000
00328nam a22001457a 4500
003
SGT
020
_a
9781565103566
082
_a
305.8
_b
R96W
100
_a
WINTERS, PAUL A.
245
_a
RACE RELATIONS: OPPOSING VIEWPOINTS
260
_b
GREENHAVEN PRESS
_c
1996
300
_a
239
650
_a
SOCIAL SCIENCE
942
_2
ddc
_c
BK
999
_c
27221
_d
27221